Football : Classement Bundesliga 2025-2026 - Statistiques

Statistiques générales
  • Ce quiz a été pris 15 fois
  • Le résultat moyen est 6 sur 18
Statistiques - réponses
Place Club % Correct
1 Bayern Munich
100%
2 Dortmund
93%
3 Leipzig
80%
4 Stuttgart
67%
6 Bayer Leverkusen
47%
16 Wolfsburg
40%
7 Fribourg
33%
18 St Pauli
27%
8 Francfort
20%
10 Mainz
20%
12 Monchengladbach
20%
9 Augsbourg
13%
13 Hambourg
13%
11 Union Berlin
13%
15 Werder Brême
13%
17 Heideneim
7%
5 Hoffeineim
7%
14 Koln
7%
Aucun quiz correspondant
Distribution des résultats
% des personnes avec chaque résultat
Percentile par nombre de réponses
Votre historique - résultats
Vous n’avez pas pris ce quiz